Družka /
Serena Parisová má ako jedinečný kríženec človeka a vlkolaka zaceliť prastarý rozkol medzi druhmi. Namiesto toho sa stáva terčom bezohľadných politických machinácií. Nepriatelia sa blížia a Serena musí získať ochranu Koena Alexandra, vodcu Severozápadného teritória. Alfa Koen má absolútnu autoritu,...
Uloženo v:
| Série: | Nevesta,
část 2 |
|---|---|
| Hlavní autor: | |
| Médium: | E-kniha |
| Jazyk: | Czech |
| Vydáno: |
Praha :
Albatros Media Slovakia s.r.o.,
2026
|
| Příbuzné jednotky: | Z cyklu::
Nevesta |
| Tagy: |
Žádné tagy |
| LEADER | 01556nam a22002417i 4500 | ||
|---|---|---|---|
| 001 | 302752 | ||
| 007 | ta | ||
| 008 | 260514s2026 xr ||||| |||| 00| 0 cze d | ||
| 020 | |a 9788056652053 | ||
| 044 | |a xr | ||
| 100 | 1 | |a Hazelwood, Ali |4 aut | |
| 245 | 1 | 0 | |a Družka / |c Hazelwood, Ali |
| 240 | 1 | 0 | |a Mate |
| 264 | 1 | |a Praha : |b Albatros Media Slovakia s.r.o., |c 2026 | |
| 300 | |a 1 online zdroj (456 stran) | ||
| 336 | |a text |b txt |2 rdacontent | ||
| 337 | |a bez média |b n |2 rdamedia | ||
| 338 | |a online zdroj |b cr |2 rdacarrier | ||
| 520 | 2 | |a Serena Parisová má ako jedinečný kríženec človeka a vlkolaka zaceliť prastarý rozkol medzi druhmi. Namiesto toho sa stáva terčom bezohľadných politických machinácií. Nepriatelia sa blížia a Serena musí získať ochranu Koena Alexandra, vodcu Severozápadného teritória. Alfa Koen má absolútnu autoritu, jeho družku by ohrozil len šialenec. Serena mu city síce neopätuje, no on jej aj tak zaistí bezpečie. Serenu však dobehne vlastná minulosť – a Koen možno bude jej jediná možnosť, ako sa zachrániť... | |
| 787 | 0 | 8 | |g 2 |i Z cyklu: |t Nevesta |
| 910 | |a RBIT002 | ||
| 998 | |d 427010 |a https://core.palmknihy.cz/api/books/427010/cover?tesgin |b https://core.palmknihy.cz/api/books/427010/cover/400?tesgin |c https://core.palmknihy.cz/api/books/427010/cover/50?tesgin |e 2030-03-26 |g 456 |i 9788056652053 |j https://core.palmknihy.cz/api/books/427010/preview.epub |k https://core.palmknihy.cz/api/books/427010/preview.pdf |l |q 49 |r 1 |s https://www.palmknihy.cz/kniha/427010 |t ebook |y 2026 |z 1 |v Nevesta |w 2 | ||
| 999 | |d 302750 | ||